LEADER 05267nam 2200505 450 001 9910823638703321 005 20230810001333.0 024 7 $a10.1163/9789004300750 035 $a(CKB)3710000000951481 035 $a(MiAaPQ)EBC4750779 035 $a(OCoLC)965731397 035 $a(nllekb)BRILL9789004300750 035 $a(EXLCZ)993710000000951481 100 $a20170831h20172017 uy 0 101 0 $aeng 135 $aurcnu|||||||| 181 $2rdacontent 182 $2rdamedia 183 $2rdacarrier 200 00$aBoat refugees and migrants at sea $ea comprehensive approach : integrating maritime security with human rights /$fedited by Violeta Moreno-Lax, Efthymios Papastavridis 210 1$aLeiden, [The Netherlands] ;$aBoston, [Massachusetts] :$cBrill Nijhoff,$d2017. 210 4$d©2017 215 $a1 online resource (481 pages) $cillustrations 225 1 $aInternational Refugee Law Series,$x2213-3836 ;$vVolume 7 311 $a90-04-30074-0 311 $a90-04-30075-9 320 $aIncludes bibliographical references and index. 327 $tPreliminary Material /$rVioleta Moreno-Lax and Efthymios Papastavridis -- $tIntroduction: Tracing the Bases of an Integrated Paradigm for Maritime Security and Human Rights at Sea /$rVioleta Moreno-Lax and Efthymios Papastavridis -- $tSetting the Scene: Refugees, Asylum Seekers, and Migrants at Sea ? the Need for a Long-term, Protection-Centred Vision /$rGuy S. Goodwin-Gill -- $tA Maritime Security Framework for the Legal Dimensions of Irregular Migration by Sea /$rNatalie Klein -- $tThe Perfect Storm: Sovereignty Games and the Law and Politics of Boat Migration /$rThomas Gammeltoft-Hansen -- $tWho is the ?Boat Migrant?? Challenging the Anonymity of Death by Border-Sea /$rTamara Last -- $tThe Migrant Smuggling Protocol and the Need for a Multi-faceted Approach: Inter-sectionality and Multi-actor Cooperation /$rJean-Pierre Gauci and Patricia Mallia -- $tBoat Migrants as the Victims of Human Trafficking: Exploring Key Obligations through a Human Rights Based Approach /$rTom Obokata -- $tTransnational Crime and the Rule of Law at Sea: Responses to Maritime Migration and Piracy Compared /$rDouglas Guilfoyle -- $tInterception of Migrant Boats at Sea /$rJasmine Coppens -- $tThe Duty to Assist Persons in Distress: An Alternative Source of Protection against the Return of Migrants and Asylum Seekers to the High Seas? /$rLisa-Marie Komp -- $tAccess to Asylum at Sea? Non-refoulement and a Comprehensive Approach to Extraterritorial Human Rights Obligations /$rMariagiulia Giuffré -- $tResponses to ?Boat Migration?: A Global Perspective ? US Practices /$rNiels Frenzen -- $tThe (Un-)sustainability of Australia?s Offshore Processing and Settlement Policy /$rClaire Higgins -- $tLeave and Let Die: The EU Banopticon Approach to Migrants at Sea /$rMarie-Laure Basilien-Gainche -- $tInto Africa: ?Boat People? in Sub-Saharan Africa /$rCristiano D?Orsi , Sergio Carciotto and Corey R. Johnson -- $tThe EU External Borders Policy and Frontex-Coordinated Operations at Sea: Who is in Charge? Reflections on Responsibility for Wrongful Acts /$rMaïté Fernandez -- $tAn Examination of the Comprehensive Plan of Action as a Response to Mass Influx of ?Boat People?: Lessons Learnt for a Comprehensive Approach to Migration by Sea /$rMeltem Ineli-Ciger -- $tConclusion: Closing Remarks: The Present and Future of ?Boat Refugees? and Migrants at Sea /$rAnja Klug -- $tSelect Bibliography /$rVioleta Moreno-Lax and Efthymios Papastavridis -- $tIndex /$rVioleta Moreno-Lax and Efthymios Papastavridis. 330 $aThis book aims to address ?boat migration? with a holistic approach. The different chapters consider the multiple facets of the phenomenon and the complex challenges they pose, bringing together knowledge from several disciplines and regions of the world within a single collection. Together, they provide an integrated picture of transnational movements of people by sea with a view to making a decisive contribution to our understanding of current trends and future perspectives and their treatment from legal-doctrinal, legal-theoretical, and non-legal angles. The final goal is to unpack the tension that exists between security concerns and individual rights in this context and identify tools and strategies to adequately manage its various components, garnering an inter-regional / multi-disciplinary dialogue, including input from international law, law of the sea, maritime security, migration and refugee studies, and human rights, to address the position of ?migrants at sea? thoroughly. 410 0$aInternational refugee law series ;$vVolume 7. 606 $aRefugees$xLegal status, laws, etc 606 $aBoat people$xLegal status, laws, etc 610 $a"Maritime refugees" "Unauthorized immigration" 615 0$aRefugees$xLegal status, laws, etc. 615 0$aBoat people$xLegal status, laws, etc. 676 $a341.4/86 702 $aMoreno Lax$b Violeta 702 $aPapastavridis$b Efthymios 801 0$bMiAaPQ 801 1$bMiAaPQ 801 2$bMiAaPQ 906 $aBOOK 912 $a9910823638703321 996 $aBoat refugees and migrants at sea$91739855 997 $aUNINA LEADER 02289nam 22004813 450 001 9910915742203321 005 20240909084507.0 010 $a9782140182730 010 $a2140182731 035 $a(CKB)4100000011970799 035 $a(VLeBooks)9782140182730 035 $a(MiAaPQ)EBC31643728 035 $a(Au-PeEL)EBL31643728 035 $a(Exl-AI)31643728 035 $a(EXLCZ)994100000011970799 100 $a20240909d2021 uy 0 101 0 $afre 135 $aurcnu|||||||| 181 $ctxt$2rdacontent 182 $cc$2rdamedia 183 $acr$2rdacarrier 200 10$a20 Ans Après les Brutalités Policières du G8 de Gênes $eForces de Police Italiennes Entre Sécuritarisme et Insécurités Ignorées 205 $a1st ed. 210 1$aParis :$cEditions L'Harmattan,$d2021. 210 4$d©2021. 215 $a1 online resource (1 p.) 225 $aQuestions contemporaines 311 08$a9782343232447 311 08$a234323244X 330 $aLes brutalités policières lors du G8 de Gênes ont de plus en plus marqué les attitudes et les pratiques des forces de l''ordre, notamment contre les immigrés, les Roms, les marginaux... Il y a un continuum entre la violence des polices et celle pratiquée par les acteurs sociaux ayant un peu de pouvoir et de légitimité accordée par leurs cercles &«sociaux et de reconnaissance morale». L''actuel contexte néo-libéral a accentué l''asymétrie entre dominants et dominés et l''hybridation entre public et privé, même dans les pratiques policières. Il y a une dérive réactionnaire dans les rangs des polices et des militaires soutenues par le lobby des armements.Au-delà de ses spécificités, le cas des polices, de la sécurité en Italie est très intéressant et transposable dans la plupart des autres pays. 410 0$aQuestions Contemporaines Series 606 $aPolice brutality$7Generated by AI 606 $aLaw enforcement$7Generated by AI 615 0$aPolice brutality. 615 0$aLaw enforcement. 700 $aPalidda$b Salvatore$0147496 801 0$bMiAaPQ 801 1$bMiAaPQ 801 2$bMiAaPQ 906 $aBOOK 912 $a9910915742203321 996 $a20 Ans Après les Brutalités Policières du G8 de Gênes$94301176 997 $aUNINA